Southville International School and Colleges
Your cart is empty.
  • Cart
  • Lists
    Public lists Eva Luna New books Lux_list list_1
    Your lists Log in to create your own lists
  • Log in to your account
  • Your cookies
  • Search history
Southville International School and Colleges
  • Advanced search
  • Recent comments
  • Most popular
  • Libraries

Log in to your account

Log in with GOOGLE


If you do not have an external account, but do have a local account, you can still log in:

  1. Home
  2. MARC view: The business of value investing :
Normal view MARC view ISBD view

The business of value investing : (Record no. 25229)

[ view plain ]
MARC details
000 -LEADER
fixed length control field 00669nam a2200217 a 4500
005 - DATE AND TIME OF LATEST TRANSACTION
control field 20140310183610.0
008 - FIXED-LENGTH DATA ELEMENTS--GENERAL INFORMATION
fixed length control field 120828s19uu xx 00 eng d
020 ## - INTERNATIONAL STANDARD BOOK NUMBER
International Standard Book Number 9780470444481
050 ## - LIBRARY OF CONGRESS CALL NUMBER
Classification number HG 4521
Item number .G16 2010
100 ## - MAIN ENTRY--PERSONAL NAME
Personal name Gad, Sham
245 ## - TITLE STATEMENT
Title The business of value investing :
Remainder of title six essential elements to buying companies like Warren Buffett /
Statement of responsibility, etc Sham Gad.
260 ## - PUBLICATION, DISTRIBUTION, ETC. (IMPRINT)
Place of publication, distribution, etc Hoboken, N.J. : Wiley ; Chichester :
Name of publisher, distributor, etc John Wiley & Sons,
Date of publication, distribution, etc 2009.
300 ## - PHYSICAL DESCRIPTION
Extent 268 p. :
Dimensions 26 cm.
500 ## - GENERAL NOTE
General note Includes index.
521 ## - TARGET AUDIENCE NOTE
Target audience note
650 ## - SUBJECT ADDED ENTRY--TOPICAL TERM
Topical term or geographic name as entry element Value investing
650 ## - SUBJECT ADDED ENTRY--TOPICAL TERM
Topical term or geographic name as entry element Corporations
General subdivision Valuation
650 ## - SUBJECT ADDED ENTRY--TOPICAL TERM
Topical term or geographic name as entry element Stocks
942 ## - ADDED ENTRY ELEMENTS (KOHA)
Koha item type Books
Source of classification or shelving scheme Library of Congress Classification
Call number prefix Foreign
Holdings
Withdrawn status Lost status Source of classification or shelving scheme Damaged status Home library Current library Shelving location Date acquired Source of acquisition Total Checkouts Full call number Barcode Date last seen Copy number Price effective from Koha item type
    Library of Congress Classification   College Library College Library General Circulation Section 08/28/2012 Donation   HG 4521 .G16 2010 C15200 05/15/2018 1 10/18/2013 Books

The business of value investing :

APA

Gad S., . (2009). The business of value investing. Hoboken, N.J. : Wiley ; Chichester: John Wiley & Sons.

Chicago

Gad Sham, . 2009. The business of value investing. Hoboken, N.J. : Wiley ; Chichester: John Wiley & Sons.

Harvard

Gad S., . (2009). The business of value investing. Hoboken, N.J. : Wiley ; Chichester: John Wiley & Sons.

MLA

Gad Sham, . The business of value investing. Hoboken, N.J. : Wiley ; Chichester: John Wiley & Sons. 2009.

  • Place hold
  • Print
  • Cite
  • Add to your cart (remove)
  • Save record
    BIBTEX Dublin Core MARCXML MARC (non-Unicode/MARC-8) MARC (Unicode/UTF-8) MARC (Unicode/UTF-8, Standard) MODS (XML) RIS
  • More searches
    Search for this title in:
    Other Libraries (WorldCat) Other Databases (Google Scholar) Online Stores (Bookfinder.com) Open Library (openlibrary.org)

Exporting to Dublin Core...

SOUTHVILLE LIBRARY

Southville International School and Colleges Library

1281 Tropical Ave. Cor. Luxembourg St., BF Homes International, Las Pinas City

Tel. No. 8256374 / 252358 Loc. 117/146

Powered by Koha